| 000 | 00622nam a2200229 i 4500 | ||
|---|---|---|---|
| 001 | 73259 | ||
| 003 | ES-MaACL | ||
| 005 | 20230906171727.0 | ||
| 007 | t| | ||
| 008 | 040923s1999 sp ||||1| spa d | ||
| 020 | _a84-339-0581-3 | ||
| 080 | _a929.52 Goytisolo | ||
| 100 | 1 |
_aDalmau, Miguel. _942517 |
|
| 245 | 1 | 4 |
_aLos Goytisolo / _cMiguel Dalmau. |
| 260 |
_aBarcelona : _bAnagrama, _c[1999] |
||
| 300 |
_a594 p. ; _c22 cm. |
||
| 490 | 1 |
_aArgumentos ; _v230 |
|
| 600 | 3 | 4 |
_aGoytisolo (Familia) _959427 |
| 830 | 0 |
_aArgumentos ; _v230 _9178418 |
|
| 852 |
_aES-MaACL _jL-28141 _bR.134079 |
||
| 999 |
_c73259 _d73259 |
||